000 01029cam a2200337 i 4500
001 379794
003 OSt
005 20251119083757.0
008 780505s1977 enkb e 001 0 eng
010 _a 78300898
015 _aGB77-17380
020 _a0710085605 :
_c£7.50
020 _a9780710085603
035 _a379794
040 _aDLC
_cJCSC
_dDLC
050 0 0 _aU24
_b.P37 1977b
082 0 0 _a355/.003
100 1 _aParkinson, Roger.
245 1 0 _aEncyclopedia of modern war /
_cRoger Parkinson.
260 _aLondon :
_bRoutledge and Kegan Paul,
_c1977.
300 _a[9], 226 p. :
_bmaps ;
_c26 cm.
336 _atext
_btxt
_2rdacontent
337 _aunmediated
_bn
_2rdamedia
338 _avolume
_bnc
_2rdacarrier
500 _aIncludes index.
650 0 _aMilitary art and science
_xHistory
_xEncyclopedias.
650 0 _aMilitary history
_xEncyclopedias.
906 _a7
_bcbc
_corignew
_d3
_encip
_f19
_gy-gencatlg
942 _2lcc
_cBK
_n0
999 _c23019
_d23018